000 00715nam a2200277Ia 4500
003 OSt
005 20221006145010.0
006 a|||||r|||| 00| 0
007 ta
008 221006b |||||||| |||| 00| 0 eng d
020 _c60.00
024 _a13,457
037 _cTextual
040 _aEASL
_cEASL
_beng
041 _2eng
_aeng
082 _aV2:19(zK), M3
100 _aGUPTA Vijay Ed.
245 0 _aIndia and non-alignment
260 _aNew Delhi
_bNew Literatire India
_c1983
300 _a156p.
_ccm.
490 _v Gen
650 _a Gen
650 _aIndia - Foreign relations
_928675
942 _hV2:19(zK), M3
_cTEXL
_2CC
999 _c1081543
_d1081543